Información y documentación. Directrices para la implementación de la digitalización de documentos
Descripción Física:
37 p. ; 30 cm
Idioma:
Catalán
MARC
| LEADER | 00000nam a2200000uc 4500 | ||
|---|---|---|---|
| 001 | 25113 | ||
| 003 | Arxiu | ||
| 008 | s2011||||sp ||||gr|||| ||| ||cat|d | ||
| 040 | |a BGR |b cat | ||
| 245 | 0 | 0 | |a Información y documentación. Directrices para la implementación de la digitalización de documentos |
| 260 | |a Madrid : |b AENOR |c 2011 | ||
| 300 | |a 37 p. ; |c 30 cm | ||
| 650 | 1 | 0 | |a Documentació |v Normes |9 9428 |
| 650 | 1 | 4 | |a UNE-ISO/TR 13028 IN |9 10649 |
| 942 | |c ARXIU |n 1 |2 udc | ||
| 952 | |0 0 |1 0 |4 0 |6 BIB386 |7 1 |9 60938 |a Arxiu |b Arxiu |d 2021-12-29 |l 0 |o Bib-386 |p 25113 |r 2021-12-29 00:00:00 |w 2021-12-29 |y ARXIU | ||
| 999 | |c 81063 |d 81063 | ||